MARC details
| 000 -LEADER |
| fixed length control field |
01493cam a22003974a 4500 |
| 001 - CONTROL NUMBER |
| control field |
13462864 |
| 003 - CONTROL NUMBER IDENTIFIER |
| control field |
OSt |
| 005 - DATE AND TIME OF LATEST TRANSACTION |
| control field |
20160915173402.0 |
| 008 - FIXED-LENGTH DATA ELEMENTS--GENERAL INFORMATION |
| fixed length control field |
040120s2004 ii a b 001 0 eng |
| 010 ## - LIBRARY OF CONGRESS CONTROL NUMBER |
| LC control number |
2004001250 |
| 020 ## - INTERNATIONAL STANDARD BOOK NUMBER |
| International Standard Book Number |
0-7619-3207-0 (UShbk.) |
| 020 ## - INTERNATIONAL STANDARD BOOK NUMBER |
| International Standard Book Number |
0-7619-3208-9 (USpbk.) |
| 020 ## - INTERNATIONAL STANDARD BOOK NUMBER |
| International Standard Book Number |
81-7829-324-2 (Indiahbk.) |
| 020 ## - INTERNATIONAL STANDARD BOOK NUMBER |
| International Standard Book Number |
81-7829-325-0 (indiapbk.) |
| 040 ## - CATALOGING SOURCE |
| Original cataloging agency |
DLC |
| Transcribing agency |
DLC |
| Modifying agency |
DLC |
| 042 ## - AUTHENTICATION CODE |
| Authentication code |
pcc |
| 050 00 - LIBRARY OF CONGRESS CALL NUMBER |
| Classification number |
RA643.8 |
| Item number |
.M38 2004 |
| 082 00 - DEWEY DECIMAL CLASSIFICATION NUMBER |
| Classification number |
DC 362.1969792 |
| Edition number |
2004 |
| Item number |
M19s |
| 100 1# - MAIN ENTRY--PERSONAL NAME |
| Personal name |
McKee, Neill. |
| 245 10 - TITLE STATEMENT |
| Title |
Strategic communication in the HIV/AIDS epidemic / |
| Statement of responsibility, etc. |
Neill McKee, Jane T. Bertrand, Antje Becker-Benton. |
| 260 ## - PUBLICATION, DISTRIBUTION, ETC. (IMPRINT) |
| Place of publication, distribution, etc. |
New Delhi ; |
| -- |
Thousand Oaks, CA : |
| Name of publisher, distributor, etc. |
SAGE Publications, |
| Date of publication, distribution, etc. |
2004. |
| 300 ## - PHYSICAL DESCRIPTION |
| Extent |
351 pages : |
| Other physical details |
illustrations ; |
| Dimensions |
25 cm. |
| 365 ## - TRADE PRICE |
| Price amount |
3,970.00 |
| Currency code |
Php |
| 504 ## - BIBLIOGRAPHY, ETC. NOTE |
| Bibliography, etc |
Includes bibliographical references (p. [312]-332) and index. |
| 650 #0 - SUBJECT ADDED ENTRY--TOPICAL TERM |
| Topical term or geographic name as entry element |
AIDS (Disease) |
| General subdivision |
Prevention. |
| 650 #0 - SUBJECT ADDED ENTRY--TOPICAL TERM |
| Topical term or geographic name as entry element |
Health behavior. |
| 650 #0 - SUBJECT ADDED ENTRY--TOPICAL TERM |
| Topical term or geographic name as entry element |
Health education. |
| 650 #0 - SUBJECT ADDED ENTRY--TOPICAL TERM |
| Topical term or geographic name as entry element |
Communication in medicine. |
| 700 1# - ADDED ENTRY--PERSONAL NAME |
| Personal name |
Bertrand, Jane T. |
| 700 1# - ADDED ENTRY--PERSONAL NAME |
| Personal name |
Becker-Benton, Antje. |
| 856 41 - ELECTRONIC LOCATION AND ACCESS |
| Materials specified |
Table of contents only |
| Uniform Resource Identifier |
<a href="http://www.loc.gov/catdir/toc/ecip0413/2004001250.html">http://www.loc.gov/catdir/toc/ecip0413/2004001250.html</a> |
| 856 42 - ELECTRONIC LOCATION AND ACCESS |
| Materials specified |
Publisher description |
| Uniform Resource Identifier |
<a href="http://www.loc.gov/catdir/enhancements/fy0657/2004001250-d.html">http://www.loc.gov/catdir/enhancements/fy0657/2004001250-d.html</a> |
| 906 ## - LOCAL DATA ELEMENT F, LDF (RLIN) |
| a |
7 |
| b |
cbc |
| c |
orignew |
| d |
1 |
| e |
ecip |
| f |
20 |
| g |
y-gencatlg |
| 942 ## - ADDED ENTRY ELEMENTS (KOHA) |
| Source of classification or shelving scheme |
Dewey Decimal Classification |
| Koha item type |
Circulation |